• 首页
  • 本馆介绍
  • 公告通知
  • 最新文献
  • 馆藏检索
  • 电子资源
  • 读者导购
  • 参考咨询
  • 我的图书馆
  • 登录
  • 详细信息显示
  • 放入我的书架
  • 预约/预借图书
  • 作者相关作品
  • 分类相关作品
  • 丛书相关作品
  • 出版社相关作品

书目信息

  • 表格格式
  • 工作单格式
  • 卡片格式
题名:
当代中国的现代主义
    
 
作者: 陈晋 著
分册:  
出版信息: 北京   中国文联出版公司  1988.10
页数: 389页
开本: 19cm
丛书名: 现代文化学术丛书
单 册:
中图分类: I206.7 , I0
科图分类: 43.48
主题词: 现代主义--研究--中国 , 文学理论
电子资源:
ISBN: 7-5059-0409-4
000 00892nam2 2200301 45
001 0189015688
005 20061102103538.70
010    @a7-5059-0409-4@dCNY3.40
020    @aCN@b89015688
100    @a19910304d1988 m y0chiy0120 ea
101 0  @achi
102    @aCN@b110000
105    @ay z 000yy
200 10 @a当代中国的现代主义@Adang dai zhong guo de xian dai zhu yi@f陈 晋著@Fchen jin zhu
210    @a北京@c中国文联出版公司@d1988.10
215    @a389页@d19cm
225 2  @a现代文化学术丛书
330    @a本书是一部全面论述中国当代现代主义文艺思潮的专著。
410  0 @120010@a现代文化学术丛书
540 1  @a中国 现代主义@Azhong guo xian dai zhu yi
606    @a现代主义@x研究@y中国
606 0  @a文学理论
690    @aI206.7@v1980
690    @aI0@v3
692    @a43.48@v1974
701  0 @a陈晋@Achen jin@4著
801  0 @aCN@bTSSF@c20061102
905    @a10447@dI0@e127
    
    当代中国的现代主义/陈 晋著.-北京:中国文联出版公司,1988.10
    389页;19cm.-(现代文化学术丛书)
    
    
    ISBN 7-5059-0409-4:CNY3.40
    本书是一部全面论述中国当代现代主义文艺思潮的专著。
●
相关链接 在E读中查询图书 在五车中查询图书 在当当中查询图书 在豆瓣中查询图书


正题名:当代中国的现代主义     索取号:I0/127         预约/预借

序号 登录号 条形码 馆藏地/架位号 状态 备注
1 0217101   202070141   第一样本阅览室/ [索取号:I0/127] 在馆    
唐山师范学院图书馆 欢迎您!
大连网信软件有限公司© 版权所有